| 000 | 01896nam a2200289Ia 4500 | ||
|---|---|---|---|
| 999 |
_c42421 _d42421 |
||
| 001 | 9117 | ||
| 003 | GE_BSU | ||
| 005 | 20240604153513.0 | ||
| 008 | 181216s||||||||xx |||||||||||||| ||und|| | ||
| 020 | _a9789941215438 | ||
| 040 | _cGE_BSU | ||
| 041 | _ageo | ||
| 080 | _a27-36 წ–71 | ||
| 245 |
_aწმინდა პატრიარქი ანტონ II და წმინდა ილარიონ ქართველი–საკვირველმოქმედი / _cშემდგ. სოფიო თავაძე ; პროექტის რედ. თამარ მამაცაშვილი. |
||
| 264 |
_aთბილისი : _bპალიტრა L, _c2014. |
||
| 300 |
_a123 გვ. : _bილ. ; _c20სმ. |
||
| 490 |
_aსაქართველოს იმედი : ყველა წმინდანი, რომელთა შესახებაც უნდა იცოდე, 2298-0547 / პროექტის რედ. თამარ მამაცაშვილი ; _vწ. 40. |
||
| 500 | _aიბეჭდება სრ. საქ. კათოლიკოს-პატრიარქის ილია II-ის ლოცვა-კურთხევით | ||
| 504 | _aბიბლიოგრ. გვ. 131 | ||
| 541 | _h3ლ. | ||
| 653 | _aწმინდა პატრიარქი ანტონ II და წმინდა ილარიონ ქართველი–საკვირველმოქმედი | ||
| 653 | _aილარიონ ქართველი, 823-876 | ||
| 653 | _aქართველი წმინდანები | ||
| 653 | _aსაქართველოს კათოლიკოს-პატრიარქები | ||
| 700 |
_aმამაცაშვილი, თამარ _eავტორი _922319 |
||
| 942 |
_cBK _2udc |
||